000 00508nam a2200181Ia 4500
003 OSt
005 20260227101534.0
008 210716s2003 xx 000 0 und d
040 _cAIMIT LIBRARY
041 _aeng
082 _a378.01
_21
_bHIGH
245 _aHigher studies in India and abroad /
250 _a1ST ED.
260 _aKoohi :
_bRashtra Deepika Ltd ,
_c2003.
300 _a194P. ;
_bPB
_c26.3 cm
650 _aHigher studies in India and Abroad.
_9257015
942 _2ddc
_cBK
_e1st
_k378.01 high
999 _c188640
_d188640